000 00957nam a22002897a 4500
001 7626
003 FISKH
005 20250728114503.0
008 250728b cb ||||| |||| 00| 0 eng d
020 _a429200012376
040 _aFISKH
_beng
_cFISKH
_dFISKH
050 _aPZ7.R6126 B
082 _a513.21
100 _aRodger, Elizabeth B.
245 _aThe bunnie' counting book /
_cWritten and illustrated by Elizabeth B. Rodger
260 _aNew York :
_bWestern Publishing Company,
_c1991.
300 _a24 pages :
_bcolor illustrations ;
_c21 cm
490 _aA little golden book
505 _aH
520 _aIntroduces the numbers from one to twenty as bunnies play on the jungle gym, eat carrots, and go on a picnic.
521 8 _a430
_bLexile estimate
521 8 _aH
_bRaz-Plus
650 _aNumbers and Counting
_xPicture Book
700 _aRodger, Elizabeth B.
_eillustrator
942 _2ddc
_cBK
_n0
999 _c7626
_d7626